IFM Opac

The Barefoot Librarian (Record no. 19135)

MARC details
000 -LEADER
fixed length control field 00306nam a22001337a 4500
020 ## - INTERNATIONAL STANDARD BOOK NUMBER
International Standard Book Number 0 85157 190 5
082 ## - DEWEY DECIMAL CLASSIFICATION NUMBER
Classification number 021.609 595 WIJ
100 ## - MAIN ENTRY--PERSONAL NAME
Personal name Wijasuriy, D.E.K
245 ## - TITLE STATEMENT
Title The Barefoot Librarian
260 ## - PUBLICATION, DISTRIBUTION, ETC.
Place of publication, distribution, etc. london
Name of publisher, distributor, etc. clive bingley
Date of publication, distribution, etc. 1975
300 ## - PHYSICAL DESCRIPTION
Extent 120p
Other physical details ill.;22cm
500 ## - GENERAL NOTE
General note INDEX
942 ## - ADDED ENTRY ELEMENTS (KOHA)
Koha item type Books
Holdings
Withdrawn status Lost status Damaged status Not for loan Home library Current library Shelving location Date acquired Total Checkouts Full call number Barcode Date last seen Price effective from Koha item type
        IFM Main Campus Library IFM Main Campus Library Archival Collection 10/12/2017   021.609 595 WIJ 0000012609 10/12/2017 02/19/2022 Books